000 00517nam a22001817a 4500
003 UA-OsUOA
001 6457
007 ta
008 20040511b un ||||| |||| 00| 0 ukr d
100 _aЛупейко Віктор
942 _cSA
040 _aUA-OsUOA
_cUA-OsUOA
_dUA-OsUOA
245 _aНепатріотична сповідь : [ Вірш ]
300 _aС.7
955 _a0
773 0 _w0
_tЛітературна Украіна
_dКиїв
_d2004
_g№17
650 7 _aХудожня література
_2UDC
999 _c292618
_d292618